000 00601nam a22002177a 4500
003 OSt
005 20140310182837.0
008 130607t xxu||||| |||| 00| 0 eng d
020 _a1863430261
050 _aTT 712
_b.C323 1990
082 _aM 646.404
_bEa7 1990
082 _aM 646.2
_bEa7 1990
245 _aEasy sewing strech fabrics
_cCarter, Sheridan; [et. al.]
260 _aAlexandria :
_bJ.B. Fairfax Press Pty Ltd.,
_cc1990.
300 _a80 p.
_bill. : col. ;
_c28 cm.
521 _aCollege Students
526 _c1210L-1700L
541 _j1
562 _e2
942 _2lcc
_cBK
_kM
999 _c16791
_d16791